Significado y misión de Suiza / (Record no. 61147)
[ view plain ]
| 000 -LEADER | |
|---|---|
| campo de control de longitud fija | 00633nam a2200181 i 4500 |
| 001 - NÚMERO DE CONTROL | |
| campo de control | 61147 |
| 003 - IDENTIFICADOR DE NÚMERO DE CONTROL | |
| campo de control | ES-MaACL |
| 005 - FECHA Y HORA DE LA ÚLTIMA TRANSACCIÓN | |
| campo de control | 20230906164401.0 |
| 007 - CAMPO FIJO DE DESCRIPCIÓN FÍSICA--INFORMACIÓN GENERAL | |
| campo de control de longitud fija | t| |
| 008 - DATOS DE LONGITUD FIJA--INFORMACIÓN GENERAL | |
| campo de control de longitud fija | 031110s1944 sz ||||1| spa d |
| 100 1# - ENTRADA PRINCIPAL--NOMBRE DE PERSONA | |
| Nombre de persona | Etter, Philipp. |
| 9 (RLIN) | 48295 |
| 245 10 - MENCIÓN DEL TÍTULO | |
| Título | Significado y misión de Suiza / |
| Mención de responsabilidad, etc. | Philipp Etter ; introducción y versión española de Arnald Steiger y Pedro de Bustinduy. |
| 260 ## - PUBLICACIÓN, DISTRIBUCIÓN, ETC. | |
| Lugar de publicación, distribución, etc. | Neuchâtel : |
| Nombre del editor, distribuidor, etc. | La Baconnière, |
| Fecha de publicación, distribución, etc. | [1944] ( |
| Lugar de fabricación/manufactura | Ginebra : |
| Fabricante | Talleres de Albert Ruding) |
| 300 ## - DESCRIPCIÓN FÍSICA | |
| Extensión | 205 p. ; |
| Dimensiones | 20 cm. |
| 700 1# - ENTRADA AGREGADA--NOMBRE PERSONAL | |
| Nombre de persona | Steiger, Arnald. |
| 9 (RLIN) | 108017 |
| 700 1# - ENTRADA AGREGADA--NOMBRE PERSONAL | |
| Nombre de persona | Bustinduy, Pedro de. |
| 9 (RLIN) | 32904 |
| 852 ## - LOCALIZACIÓN | |
| Ubicación | ES-MaACL |
| Número de control de estantería | F-16358 |
| Sublocalización o colección | R.21434 |
| Estatus retirado | Estado de pérdida | Estado de daño | No para préstamo | Biblioteca de origen | Biblioteca actual | Ubicación en estantería | Fecha de adquisición | Fuente de adquisición | Total de préstamos | Signatura topográfica completa | Código de barras | Visto por última vez | Precio de reemplazo | Tipo de ítem Koha |
|---|---|---|---|---|---|---|---|---|---|---|---|---|---|---|
| Biblioteca del Ateneo de Madrid | Biblioteca del Ateneo de Madrid | Sala Pecera Planta 2 | 17/01/2008 | F-16358 | 1064121 | 23/02/2023 | 23/02/2023 | Libro impreso |
